| 000 | 00000nas 2200000za 4500 |
| 001 | 9.859567 |
| 003 | CaOODSP |
| 005 | 20251016133434 |
| 007 | cr ||||||||||| |
| 008 | 180725c20119999qucar p oss f0 a0eng|d |
| 040 | |aCaOODSP|beng |
| 041 | 0 |aeng|afre |
| 043 | |an-cn--- |
| 086 | 1 |aEm1-13-PDF |
| 110 | 2 |aCanada Pension Plan. |
| 245 | 10|aCanada Pension Plan contributors report |h[electronic resource] = |bCotisants du Régime de pensions du Canada. |
| 246 | 11|aCotisants du Régime de pensions du Canada|f2011-2015 |
| 246 | 1 |aRapport des cotisants au Régime de pensions du Canada|f2016- |
| 260 | |a[Gatineau, QC] : |bIncome Security and Social Development Branch, Employment and Social Development Canada. |
| 310 | |aAnnual |
| 362 | 1 |aBegan with 2011? |
| 500 | |aChiefly tables. |
| 546 | |aText in English and French, with highlights in English (2011-2015). |
| 692 | 07|2gccst|aPensions |
| 692 | 07|2gccst|aSocial development |
| 710 | 1 |aCanada. |bEmployment and Social Development Canada. |
| 720 | 2 |aSeniors and Pensions Policy Secretariat (SPPS) |
| 780 | 00|tCanada Pension Plan contributors |w(CaOODSP)9.870507 |
| 792 | |tCanada Pension Plan contributors report |efre|w(CaOODSP)9.859569 |